000
00271nam a2200109Ia 4500
008
260210s9999 xx 000 0 und d
020
_a
9781641162678
100
_a
Bobby Perez,
245
0
_a
Landscape Ecology: Theory and Practice
260
_b
Callisto Ref.
942
_c
PG
999
_c
14040
_d
14040